[Event "Oz.com qual blitz"]
[Site "ICC INT"]
[Date "2000.03.05"]
[Round "9"]
[White "McCarthy, Brian"]
[Black "Maestrini, Enrico"]
[Result "1-0"]
[WhiteElo "2259"]
[BlackElo "2060"]
[PlyCount "78"]
[EventDate "2000.03.05"]
[EventType "swiss (blitz)"]
[EventRounds "9"]
[EventCountry "USA"]
[SourceTitle "EXT 2001"]
[Source "ChessBase"]
[SourceDate "2000.11.22"]
[SourceVersion "1"]
[SourceVersionDate "2000.11.22"]
[SourceQuality "1"]

1. d4 Nf6 2. Nf3 e6 3. Bf4 c5 4. c3 b6 5. e3 Nc6 6. h3 Bb7 7. Be2 d6 8. 0-0 Be7 9. Bh2 0-0 10. a3 Rc8 11. Nbd2 a6 12. Re1 Qc7 13. Bf1 Rfd8 14. e4 e5 15. Rc1 Qb8 16. d5 Na7 17. c4 b5 18. b3 Bf8 19. a4 b4 20. Bg3 a5 21. Bh4 Be7 22. Nh2 Rd7 23. Bg3 Rdd8 24. Be2 Qc7 25. Ng4 Nxg4 26. Bxg4 Rb8 27. f4 Nc8 28. fxe5 dxe5 29. Rf1 Re8 30. Nf3 Bd6 31. Ng5 Rf8 32. Nxf7 Nb6 33. Ng5 Rxf1+ 34. Qxf1 Bc8 35. Bxc8 Rxc8 36. Qf5 g6 37. Qe6+ Kg7 38. Rf1 Rf8 39. Rxf8 Kxf8 1-0

[Event "Oz.com qual blitz"]
[Site "ICC INT"]
[Date "2000.03.05"]
[Round "2"]
[White "Summerscale, Aaron"]
[Black "Maestrini, Enrico"]
[Result "1-0"]
[WhiteElo "2430"]
[BlackElo "2060"]
[PlyCount "51"]
[EventDate "2000.03.05"]
[EventType "swiss (blitz)"]
[EventRounds "9"]
[EventCountry "USA"]
[SourceTitle "EXT 2001"]
[Source "ChessBase"]
[SourceDate "2000.11.22"]
[SourceVersion "1"]
[SourceVersionDate "2000.11.22"]
[SourceQuality "1"]

1. d4 Nf6 2. c4 e6 3. Bg5 Be7 4. Nc3 0-0 5. e3 b6 6. Nf3 Bb7 7. Bd3 h6 8. Bh4 d6 9. 0-0 Nbd7 10. e4 e5 11. d5 Re8 12. Rc1 Bf8 13. b4 a5 14. a3 g6 15. Nd2 Bg7 16. f3 Qe7 17. Nb3 g5 18. Bf2 Kf8 19. c5 Kg8 20. c6 Bc8 21. cxd7 Bxd7 22. Nb5 Bxb5 23. Bxb5 Rec8 24. bxa5 bxa5 25. a4 Nh5 26. Be1 1-0